[Event "Pozarevac Rudar 18th"]
[Site "Pozarevac"]
[Date "2023.11.12"]
[Round "7"]
[White "Ilincic, Zlatko"]
[Black "Bozinovic, Boban"]
[Result "1-0"]
[WhiteElo "2301"]
[BlackElo "1960"]
[PlyCount "61"]
[EventDate "2023.11.07"]
[EventType "schev"]
[EventRounds "8"]
[EventCountry "SRB"]
[SourceTitle "CB46_2023"]
[SourceDate "2023.11.15"]
[SourceVersion "1"]
[SourceVersionDate "2023.11.15"]
[SourceQuality "1"]
[WhiteTeam "Team A"]
[BlackTeam "Team B"]
[WhiteTeamCountry "SRB"]
[BlackTeamCountry "SRB"]

1. d4 Nf6 2. c4 c5 3. d5 b5 4. Qc2 bxc4 5. e4 d6 6. Bxc4 g6 7. Nf3 Nbd7 8. 0-0 Bg7 9. h3 0-0 10. Bf4 Qb6 11. Nbd2 Ba6 12. Rad1 Rab8 13. b3 Rfc8 14. Rfe1 Bxc4 15. Nxc4 Qd8 16. e5 Nh5 17. Bh2 Nxe5 18. Nfxe5 dxe5 19. Nxe5 Bxe5 20. Bxe5 Rb7 21. d6 exd6 22. Bxd6 Qa5 23. Be5 Ng7 24. Bc3 Qa6 25. Ba1 f6 26. Rd5 Rbc7 27. Qd2 Rf8 28. Rd6 Qb7 29. Rxf6 Rxf6 30. Bxf6 Rf7 31. Bxg7 1-0

[Event "Belgrade Serbia op"]
[Site "Belgrade"]
[Date "2023.07.18"]
[Round "3"]
[White "Stojanovic, Srdjan"]
[Black "Bozinovic, Boban"]
[Result "0-1"]
[WhiteElo "1686"]
[BlackElo "1954"]
[PlyCount "86"]
[EventDate "2023.07.16"]
[EventType "swiss"]
[EventRounds "9"]
[EventCountry "SRB"]
[SourceTitle "CBM 215 Extra"]
[Source "ChessBase"]
[SourceDate "2023.09.30"]
[SourceVersion "1"]
[SourceVersionDate "2023.09.30"]
[SourceQuality "1"]

1. d4 Nf6 2. Nf3 g6 3. g3 Bg7 4. Bg2 0-0 5. 0-0 c5 6. c3 cxd4 7. cxd4 d5 8. Nc3 a6 9. h3 b5 10. a3 Bb7 11. Qd3 Nbd7 12. Rd1 Rc8 13. Bd2 Nb6 14. b3 Ne4 15. Rac1 Qd6 16. Nb1 Nxd2 17. Nfxd2 Rc7 18. Rxc7 Qxc7 19. e4 dxe4 20. Bxe4 Rd8 21. Nf3 Bc8 22. g4 Qf4 23. Qe3 Qd6 24. Qc3 f5 25. gxf5 gxf5 26. Bc2 Bb7 27. Bxf5 Qf4 28. Bg4 Rf8 29. Nbd2 Nd5 30. Qc5 Kh8 31. Re1 Ba8 32. a4 bxa4 33. bxa4 Nf6 34. Re3 Nxg4 35. hxg4 Qxg4+ 36. Kf1 Bxf3 37. Nxf3 Rxf3 38. Rxe7 Rf8 39. d5 Qd1+ 40. Re1 Qd3+ 41. Kg2 Rg8 42. Kh2 Bd4 43. Qc6 Qf3 0-1

[Event "EU-ch 23rd"]
[Site "Vrnjacka Banja"]
[Date "2023.03.05"]
[Round "3"]
[White "Bozinovic, Boban"]
[Black "Stojanovic, Andjelija"]
[Result "1/2-1/2"]
[WhiteElo "1931"]
[BlackElo "2262"]
[PlyCount "25"]
[EventDate "2023.03.03"]
[EventType "swiss"]
[EventRounds "11"]
[EventCountry "SRB"]
[SourceTitle "CBM 213"]
[Source "ChessBase"]
[SourceDate "2023.04.30"]
[SourceVersion "1"]
[SourceVersionDate "2023.04.30"]
[SourceQuality "1"]

1. e4 e5 2. Nf3 Nc6 3. d4 exd4 4. Nxd4 Bc5 5. Nxc6 Qf6 6. Qf3 dxc6 7. Nc3 Be6 8. Bd3 Ne7 9. Be3 Bb6 10. a3 0-0-0 11. Qxf6 gxf6 12. Bxb6 axb6 13. f4 1/2-1/2

[Event "EU-ch Amateur U2000"]
[Site "Rhodes"]
[Date "2019.04.11"]
[Round "6"]
[White "Bozinovic, Boban"]
[Black "Petukhov, Igor"]
[Result "1-0"]
[WhiteElo "1950"]
[BlackElo "1819"]
[PlyCount "68"]
[EventDate "2019.04.06"]
[EventType "swiss"]
[EventRounds "9"]
[EventCountry "GRE"]
[SourceTitle "EXT 2020"]
[Source "ChessBase"]
[SourceDate "2019.10.17"]
[SourceVersion "1"]
[SourceVersionDate "2019.10.17"]
[SourceQuality "1"]

1. e4 e5 2. Nf3 Nc6 3. d4 exd4 4. Nxd4 Bc5 5. Nxc6 Qf6 6. Qd2 Qxc6 7. Nc3 Nf6 8. Bd3 0-0 9. 0-0 Bb4 10. a3 Bxc3 11. bxc3 Nxe4 12. Qe3 d5 13. c4 Nf6 14. cxd5 Nxd5 15. Qd4 Qc3 16. Qxd5 Qxa1 17. Qe4 f5 18. Qc4+ Kh8 19. c3 Re8 20. Qxc7 Qa2 21. Bc4 Qc2 22. Qf7 Be6 23. Bxe6 Qxc3 24. Be3 Qe5 25. Ba2 Rf8 26. Qd5 Qe7 27. Bc5 Qf6 28. Bxf8 Rxf8 29. Qxb7 f4 30. Qxa7 f3 31. Bd5 fxg2 32. Bxg2 h5 33. Qc5 g5 34. Re1 Kh7 1-0

[Event "EU-ch Amateur U2000"]
[Site "Rhodes"]
[Date "2019.04.07"]
[Round "2"]
[White "Bozinovic, Boban"]
[Black "Kostov, Deyan Samuil"]
[Result "0-1"]
[WhiteElo "1950"]
[BlackElo "1830"]
[PlyCount "60"]
[EventDate "2019.04.06"]
[EventType "swiss"]
[EventRounds "9"]
[EventCountry "GRE"]
[SourceTitle "EXT 2020"]
[Source "ChessBase"]
[SourceDate "2019.10.17"]
[SourceVersion "1"]
[SourceVersionDate "2019.10.17"]
[SourceQuality "1"]

1. e4 c5 2. Nf3 d6 3. d4 Nf6 4. Nc3 cxd4 5. Nxd4 Nc6 6. Bc4 e6 7. Be3 Be7 8. Qe2 a6 9. 0-0-0 Qa5 10. Bb3 Bd7 11. f3 b5 12. Nxc6 Bxc6 13. Rhe1 0-0 14. Qf2 Rab8 15. Kb1 b4 16. Ne2 d5 17. Nd4 Ba8 18. e5 Nd7 19. g4 Nc5 20. h4 Qc7 21. Qd2 a5 22. c3 a4 23. cxb4 Nxb3 24. axb3 Bxb4 25. Qh2 Bxe1 26. Rxe1 axb3 27. Bd2 Qa7 28. Bc3 Rfc8 29. Ne2 Qa2+ 30. Kc1 d4 0-1

[Event "Gran Canaria op Seniors"]
[Site "Gran Canaria"]
[Date "2019.02.19"]
[Round "4"]
[White "Camino Carrio, Nicanor"]
[Black "Bozinovic, Boban"]
[Result "1-0"]
[WhiteElo "1921"]
[BlackElo "1969"]
[PlyCount "79"]
[EventDate "2019.02.07"]
[EventType "swiss"]
[EventRounds "7"]
[EventCountry "ESP"]
[SourceTitle "CBM 189 Extra"]
[Source "ChessBase"]
[SourceDate "2019.06.03"]
[SourceVersion "1"]
[SourceVersionDate "2019.06.03"]
[SourceQuality "1"]

1. e4 c5 2. Nf3 d6 3. d4 cxd4 4. Nxd4 Nf6 5. Nc3 g6 6. Be3 Bg7 7. f3 0-0 8. Qd2 Nc6 9. 0-0-0 d5 10. Qe1 e6 11. h4 Qc7 12. h5 Nxh5 13. g4 Nxd4 14. Bxd4 Bxd4 15. Rxd4 Qf4+ 16. Kb1 Ng3 17. Rh3 Nxf1 18. Qxf1 Qf6 19. Qd1 Qg7 20. exd5 e5 21. Rd2 f6 22. Rdh2 h5 23. Rg3 Kf7 24. Ne4 hxg4 25. fxg4 Bd7 26. Qh1 Rh8 27. Rgh3 Rxh3 28. Rxh3 Kg8 29. Rh4 Rc8 30. Qg1 g5 31. Rh2 b6 32. Rf2 Rf8 33. Qf1 Bxg4 34. Nxf6+ Rxf6 35. Rxf6 e4 36. Rd6 Qf7 37. Rd8+ Kg7 38. Qh1 Qe7 39. Qh8+ Kf7 40. Rg8 1-0

[Event "EU-ch Amateur U2000"]
[Site "Niksic"]
[Date "2018.06.15"]
[Round "2"]
[White "Srdanovic, Ljuban"]
[Black "Bozinovic, Boban"]
[Result "0-1"]
[WhiteElo "1802"]
[BlackElo "1930"]
[PlyCount "116"]
[EventDate "2018.06.14"]
[EventType "swiss"]
[EventRounds "9"]
[EventCountry "MNE"]
[SourceTitle "EXT 2019"]
[Source "ChessBase"]
[SourceDate "2018.10.10"]
[SourceVersion "1"]
[SourceVersionDate "2018.10.10"]
[SourceQuality "1"]

1. e4 c5 2. c3 Nf6 3. e5 Nd5 4. d4 cxd4 5. Nf3 e6 6. cxd4 d6 7. Bc4 Be7 8. 0-0 0-0 9. Re1 dxe5 10. dxe5 Nb6 11. Bd3 Nc6 12. Qe2 Nb4 13. Be4 Qc7 14. Nc3 Qc4 15. Qxc4 Nxc4 16. a3 Nc6 17. Bd3 Nb6 18. Bg5 Bxg5 19. Nxg5 h6 20. Nf3 Rd8 21. Rad1 Nd5 22. Be4 Nxc3 23. bxc3 Bd7 24. Rd6 Be8 25. Red1 Rdc8 26. Nd2 Rab8 27. f4 Na5 28. Rc1 Nc4 29. Nxc4 Rxc4 30. Rd4 Rc7 31. c4 b6 32. Kf2 Rbc8 33. Ke3 Kf8 34. f5 Ke7 35. g4 Rc5 36. Kf4 Bc6 37. Bxc6 R8xc6 38. a4 Ra5 39. Rcd1 Rc7 40. Ra1 Rac5 41. Rc1 a6 42. h4 b5 43. axb5 axb5 44. Ke4 Rxc4 45. Rdxc4 Rxc4+ 46. Rxc4 bxc4 47. Kd4 h5 48. gxh5 exf5 49. Kxc4 Kf8 50. Kd4 Kg8 51. Ke3 Kh7 52. Kf4 Kh6 53. Kxf5 Kxh5 54. Kf4 Kxh4 55. Kf5 Kh5 56. Kf4 g6 57. Kf3 Kg5 58. Ke4 Kg4 0-1

[Event "EU-ch Amateur U2000"]
[Site "Niksic"]
[Date "2018.06.14"]
[Round "1"]
[White "Bozinovic, Boban"]
[Black "Raicevic, Veljko"]
[Result "1-0"]
[WhiteElo "1930"]
[BlackElo "1737"]
[PlyCount "107"]
[EventDate "2018.06.14"]
[EventType "swiss"]
[EventRounds "9"]
[EventCountry "MNE"]
[SourceTitle "EXT 2019"]
[Source "ChessBase"]
[SourceDate "2018.10.10"]
[SourceVersion "1"]
[SourceVersionDate "2018.10.10"]
[SourceQuality "1"]

1. e4 c5 2. Nf3 a6 3. Nc3 e6 4. d4 cxd4 5. Nxd4 Bb4 6. a3 Bxc3+ 7. bxc3 Qc7 8. Bd2 b5 9. Qg4 g6 10. Bd3 Bb7 11. 0-0 Nc6 12. f4 Nge7 13. Kh1 Nxd4 14. cxd4 Qb6 15. Bc3 Rc8 16. Bb2 d5 17. e5 Nf5 18. Qe2 h5 19. Rae1 Qd8 20. g3 Qe7 21. c3 h4 22. g4 Ng3+ 23. hxg3 hxg3+ 24. Kg1 Rh2 25. Qf3 Rxb2 26. Qxg3 Kd8 27. Bb1 Qxa3 28. Re3 Qe7 29. f5 Kc7 30. fxg6 fxg6 31. Bxg6 Kb8 32. g5 Rg8 33. Rf6 Bc8 34. Ref3 Qg7 35. Rf2 Rxf2 36. Qxf2 a5 37. Qb2 Qb7 38. Kf2 b4 39. cxb4 Qxb4 40. Qxb4+ axb4 41. Ke3 Kc7 42. Kf4 Kb6 43. Bf7 Rg7 44. g6 b3 45. Kg5 Kb5 46. Kh6 Rxg6+ 47. Bxg6 Kc4 48. Rf4 Ba6 49. Kg7 Kc3 50. Kf6 b2 51. Kxe6 Bd3 52. Bxd3 Kxd3 53. Rf1 Kxd4 54. Rb1 1-0

[Event "Gran Canaria Cabildo op"]
[Site "Gran Canaria"]
[Date "2018.04.03"]
[Round "5"]
[White "Bozinovic, Boban"]
[Black "Cruz Pino, Adrian"]
[Result "0-1"]
[WhiteElo "1990"]
[BlackElo "2148"]
[PlyCount "168"]
[EventDate "2018.03.06"]
[EventType "swiss"]
[EventRounds "7"]
[EventCountry "ESP"]
[SourceTitle "CBM 183 Extra"]
[Source "ChessBase"]
[SourceDate "2018.04.19"]
[SourceVersion "1"]
[SourceVersionDate "2018.04.19"]
[SourceQuality "1"]

1. e4 e6 2. d4 d5 3. Nc3 Bb4 4. e5 Ne7 5. a3 Bxc3+ 6. bxc3 c5 7. Qg4 0-0 8. Bd3 c4 9. Bh6 Ng6 10. Bxg6 fxg6 11. Bd2 Qe7 12. h4 Qf7 13. Nf3 Qf5 14. Qxf5 gxf5 15. Ke2 Bd7 16. Rab1 b6 17. h5 h6 18. Rbg1 Nc6 19. Rh4 Kh7 20. g4 fxg4 21. Rhxg4 Rf7 22. Be3 Ne7 23. Nh4 Rg8 24. Ng6 Nf5 25. Nf4 Rc8 26. Rg6 Re7 27. Bc1 Rc6 28. a4 Be8 29. Ba3 Bxg6 30. Bxe7 Bf7 31. Bb4 Rc8 32. Ba3 Be8 33. Kd2 Bd7 34. Rb1 Kg8 35. a5 b5 36. Rg1 a6 37. Rg6 Kf7 38. Ke2 Rb8 39. Rg1 b4 40. Bxb4 Nxd4+ 41. cxd4 Rxb4 42. Kd2 Ra4 43. Rb1 Bb5 44. Ne2 Rxa5 45. Nc3 g6 46. hxg6+ Kxg6 47. Rg1+ Kh7 48. f4 Be8 49. Rb1 Bg6 50. Rb7+ Kg8 51. Rb8+ Kg7 52. Rb7+ Kf8 53. Rb8+ Ke7 54. Rb7+ Kd8 55. Rg7 Bf5 56. Rg8+ Kc7 57. Rh8 Ra1 58. Rxh6 Rf1 59. Rf6 Rxf4 60. Ke3 Rf1 61. Ke2 Rc1 62. Nxd5+ exd5 63. Rxf5 Rxc2+ 64. Kd1 Rc3 65. Rf4 Rd3+ 66. Kc2 a5 67. Rh4 a4 68. Kb2 Kc6 69. Rh6+ Kb5 70. Rd6 Rxd4 71. e6 Kc5 72. Ra6 Re4 73. Ka3 Re1 74. Kb2 d4 75. Kc2 a3 76. Kd2 Re4 77. Kc2 a2 78. Kb2 Re2+ 79. Ka1 d3 80. Ra7 Rxe6 81. Rc7+ Rc6 82. Rd7 Kb4 83. Kxa2 Kc3 84. Rh7 Kc2 0-1